Zivilstandsstatistik 1987 Fürstentum Liechtenstein

Na minha lista:
Detalhes bibliográficos
Formato: Livro
Idioma:alemão
Publicado em: Vaduz Amt für Volkswirtschaft 1987
Edição:1. Aufl.
Tags: Adicionar Tag
Sem tags, seja o primeiro a adicionar uma tag!

MARC

LEADER 00000nam a2200000 4500
001 c033101
005 20221219111638.5
041 0 |a ger 
044 |a LI 
245 1 0 |a Zivilstandsstatistik 1987  |b Fürstentum Liechtenstein 
250 |a 1. Aufl. 
264 1 |a Vaduz  |b Amt für Volkswirtschaft  |c 1987 
300 |a 62 s.